Lead Guitarists - Statistics

General Stats
  • This quiz has been taken 37 times
  • The average score is 11 of 15
Answer Stats
Hint Answer % Correct
Guns N Roses Slash
97%
Queen Brian May
94%
Led Zeppelin Jimmy Page
91%
Rolling Stones Keith Richards
91%
Beatles George Harrison
88%
Yardbirds/Cream/Derek And The Dominos Eric Clapton
85%
The Who Pete Townshend
85%
Green Day Billie Joe Armstrong
76%
Pink Floyd David Gilmour
76%
U2 The Edge
76%
Metallica Kirk Hammett
74%
Dire Straits Mark Knopfler
71%
Rage Against The Machine Tom Morello
68%
Rush Alex Lifeson
50%
Living Colour Vernon Reid
24%
No matching quizzes found
Score Distribution
Percent of People with Each Score
Percentile by Number Answered
Your Score History
You have not taken this quiz